[Event "Independence Cup A"]
[Site "Kyiv UKR"]
[Date "2007.08.19"]
[Round "7"]
[White "Onoprienko,V"]
[Black "Moiseev,Ig"]
[Result "1-0"]
[WhiteElo "2342"]
[BlackElo "2217"]

1.e4 c5 2.Nc3 Nc6 3.Nge2 g6 4.d4 cxd4 5.Nxd4 Bg7 6.Nb3 Nf6 7.Be2 d6 8.O-O O-O
9.Bg5 a5 10.a4 Be6 11.f4 Qb6+ 12.Kh1 Rac8 13.f5 Bxb3 14.cxb3 Nb4 15.Bc4 Qd8
16.Qd2 Ng4 17.Qf4 Ne5 18.Qh4 Rc7 19.Nd5 Nxd5 20.Bxd5 b6 21.Rac1 Rxc1 22.Rxc1 Re8
23.Rc3 Qd7 24.Rh3 h5 25.fxg6 e6 26.Bc4 fxg6 27.Bb5 Qf7 28.Be3 Rc8 29.Qe1 Qb7
30.Bg1 Rc2 31.Rc3 Rxb2 32.Qc1 Ra2 33.Qb1 Ng4 34.Qxa2 Bxc3 35.Qc2 Bb4 36.Qc4 d5
37.exd5 exd5 38.Qd3 Kh7 39.h3 Nf6 40.Qd4 Ne4 41.Qxb6 Qf7 42.Bd4 Ng3+ 43.Kg1 Nf5
44.Bf2 Qg7 45.g4 hxg4 46.hxg4 Nd6 47.Bf1 Ne4 48.Bd4 Qd7 49.Be2 Qe7 50.Qb8 Nf6
51.Qh2+ Kg8 52.Qf2 Ne4 53.Qh2 Bc5 54.Qh8+ Kf7 55.Qh7+ Kf8 56.Qh8+ Kf7 57.Qg7+ Ke8
58.Qg8+ Kd7 59.Qxd5+ Kc7 60.Kg2 Bxd4 61.Qxd4 Nc5 62.Bf3 Qd6 63.Qc3 Kb6 64.b4 axb4
65.Qxb4+ Ka7 66.a5 g5 67.Qc3 Ka6 68.Be2+ Ka7 69.Qg7+ Kb8 70.Qg8+ Kc7 71.Qxg5 Ne6
72.Qc1+ Kd8 73.Qe3 Nf4+ 74.Kf3 Nxe2 75.Kxe2 Qh2+ 76.Kd3 Qh7+ 77.Qe4 Qh3+
78.Kc4 Qh2 79.Qd4+ Kc7 80.Kb5 Kb8 81.a6 Qe2+ 82.Kc5 Qc2+ 83.Kd5 Qg2+ 84.Ke6 Qa2+
85.Qd5  1-0

[Event "Lady and Chess"]
[Site "Panevezys LTU"]
[Date "2007.08.20"]
[Round "1"]
[White "Narva,R"]
[Black "Limontaite,S"]
[Result "0-1"]
[WhiteElo "2094"]
[BlackElo "2140"]

1.e4 c5 2.Nf3 Nc6 3.Nc3 Nf6 4.g3 g6 5.Bg2 Bg7 6.O-O O-O 7.d3 d6 8.h3 Rb8
9.Bg5 h6 10.Be3 b6 11.Qd2 Kh7 12.Rad1 Ba6 13.Rfe1 e5 14.Nh2 b5 15.f4 Nh5
16.fxe5 Nxe5 17.g4 Nf6 18.g5 hxg5 19.Bxg5 Qd7 20.Rf1 Nh5 21.Nd5 f6 22.Bh4 Bb7
23.Ne3 Bh6 24.Qe2 Nf4 25.Qe1 Nxh3+ 26.Kh1 Nf4 27.Qg3 g5 28.Neg4 Qg7 29.Ne3 Bc8
30.Rxf4 gxf4 31.Qxg7+ Kxg7 32.Nd5 Be6 33.d4 Nc4 34.Nc7 Bc8 35.dxc5 dxc5 36.Rd5 Ne3
37.Rxc5 Rd8 38.Bf3 Kg6 39.Bh5+ Kg7 40.Nxb5 Nxc2 41.Nxa7 Bb7 42.Rc7+ Kg8 43.Bxf6 Bxe4+
44.Kg1 Rd2 45.Ng4 Rg2+ 46.Kf1 Ne3+ 47.Nxe3 fxe3 48.Bf7+ Kf8 49.Be7+ Kxf7
50.Bg5+ Kg6  0-1

[Event "Open A"]
[Site "Polanica Zdroj POL"]
[Date "2007.08.20"]
[Round "4"]
[White "Panas,P"]
[Black "Krupa,K"]
[Result "1/2-1/2"]
[WhiteElo "2226"]
[BlackElo "2116"]

1.e4 c5 2.Nc3 Nc6 3.Nf3 g6 4.Bb5 Bg7 5.O-O Nd4 6.Bc4 d6 7.Nxd4 cxd4 8.Ne2 Nf6
9.d3 Qb6 10.Kh1 O-O 11.h3 Qc5 12.Bb3 a5 13.a3 Bd7 14.Bd2 a4 15.Ba2 Qh5 16.Ng1 Bg4
17.f3 Be6 18.Bxe6 fxe6 19.Ne2 g5 20.Kg1 Qg6 21.Qc1 h6 22.g4 e5 23.Ng3 e6
24.Kg2 Rfc8 25.Rh1 Ra6 26.h4 Rac6 27.c3 dxc3 28.bxc3 Nd7 29.hxg5 Nc5 30.Qd1 hxg5
31.Qe2 Nb3 32.Rab1 Nxd2 33.Qxd2 Rxc3 34.Rhc1 R3c7 35.Rxc7 Rxc7 36.Rc1 Rf7
37.Nh5 d5 38.Rc8+ Bf8 39.Qc3 dxe4 40.dxe4 Kh7 41.Qxe5 Kg8 42.Qd6 Qh6 43.Qe5 Qg6
44.Qb8 Qh6 45.Re8 Qh8 46.e5 Qh6 47.Qd8 Qg6 48.Nf6+ Kg7 49.Nh5+ Kg8 50.Kg3 b5
51.Nf6+ Kg7 52.Rxe6 Qb1 53.Nh5+ Kh7 54.Nf6+ Kg7 55.Nh5+ Kh7  1/2-1/2

[Event "1st Serbian League Men"]
[Site "Zlatibor SRB"]
[Date "2007.08.20"]
[Round "9"]
[White "Solak,D"]
[Black "Martinovic,Sl"]
[Result "1-0"]
[WhiteElo "2566"]
[BlackElo "2447"]

1.e4 c5 2.Nc3 Nc6 3.Bb5 Nd4 4.Bc4 e6 5.Nge2 Nf6 6.O-O d6 7.d3 Nc6 8.f4 Be7
9.Bb5 Bd7 10.f5 exf5 11.Bxc6 Bxc6 12.Rxf5 O-O 13.Ng3 Ne8 14.Nd5 Bxd5 15.Rxd5 Nc7
16.Rh5 Bf6 17.Qg4 g6 18.Bh6 Bxb2 19.Rf1 f6 20.Bxf8 Qxf8 21.Ne2 Qc8 22.Qxc8+ Rxc8
23.Rh3 Be5 24.c3 Ne6 25.Rd1 f5 26.exf5 gxf5 27.Rf3 Rf8 28.d4 cxd4 29.cxd4 Bg7
30.h4 d5 31.Kh2 f4 32.Kh3 h5 33.g3 fxg3 34.Rxf8+ Kxf8 35.Kxg3 Ke7 36.Rf1 Nxd4
37.Nxd4 Bxd4 38.Rf5 Kd6 39.Rxh5 b5 40.Rh6+ Kc5 41.Ra6 Kc4 42.h5 b4 43.Kf3 Kb5
44.Rd6 Kc4 45.Rc6+ Kb5 46.Rd6 Kc4 47.Rd8 a5 48.Ra8 Kb5 49.h6 a4 50.h7 b3
51.axb3 axb3 52.h8=Q Bxh8 53.Rxh8 Kc4 54.Ke2 b2 55.Rb8 Kc3 56.Kd1 d4 57.Rb7 d3
58.Rb6  1-0

[Event "1st Serbian League Men"]
[Site "Zlatibor SRB"]
[Date "2007.08.20"]
[Round "9"]
[White "Djukic,Ni"]
[Black "Dujkovic,S"]
[Result "0-1"]
[WhiteElo "2531"]
[BlackElo "2407"]

1.e4 c5 2.Nf3 Nc6 3.Nc3 e5 4.Bc4 Be7 5.d3 d6 6.O-O Nf6 7.Ng5 O-O 8.f4 Bg4
9.Qe1 exf4 10.Bxf4 Nd4 11.Qd2 h6 12.Nf3 Nxf3+ 13.gxf3 Bh3 14.Rfe1 Nd7 15.Kh1 Kh7
16.Rg1 g5 17.Be3 Ne5 18.Rg3 Nxc4 19.dxc4 Be6 20.f4 gxf4 21.Bxf4 Bh4 22.Rd3 Qf6
23.Nd5 Qg6 24.Qg2 Qh5 25.Bxd6 Rg8 26.Bg3 Bg5 27.Rg1 Bh3 28.Qf2 Rae8 29.Re1 b6
30.Ra3 Rg7 31.Rxa7 Qg6 32.Qf3 h5 33.Ra3 Bg4 34.Qg2 Bd8 35.h4 Bc8 36.Qf3 Reg8
37.Nf4 Qh6 38.Bf2 Rg4 39.Nh3 Bxh4 40.Rf1 Be6 41.Rg1 Qg7 42.Re3 Qxb2 43.Rxg4 hxg4
44.Qf4 Be7 45.Ng1 Bg5 46.Qh2+ Kg6 47.e5 Qxc2 48.Ne2 Bxe3  0-1

[Event "Acropolis Open"]
[Site "Athens GRE"]
[Date "2007.08.21"]
[Round "8"]
[White "Seretakis,N"]
[Black "Fakhiridou,E"]
[Result "1/2-1/2"]
[WhiteElo "2233"]
[BlackElo "2284"]

1.e4 c5 2.Nc3 Nc6 3.Nge2 Nf6 4.d4 cxd4 5.Nxd4 e6 6.g3 Bb4 7.Bg2 Qa5 8.O-O O-O
9.Nb3 Qd8 10.Nb5 a6 11.Nd6 Qc7 12.Nxc8 Raxc8 13.Bf4 e5 14.Bg5 Be7 15.c3 h6
16.Bxf6 Bxf6 17.Qg4 d6 18.Rad1 a5 19.Nd2 Ne7 20.h4 Qb6 21.b3 Rc6 22.Nc4 Qc7
23.a4 Nc8 24.Rd3 Rxc4 25.bxc4 Nb6 26.Qd1 Be7 27.Qb3 Nd7 28.c5 Nxc5 29.Qc4 Qc6
30.Re3 Bd8 31.Rd1 Bc7 32.Ra1 Bb6 33.Bh3 g6 34.Ra2 Kg7 35.Ree2 Re8 36.Reb2 Bd8
37.Bg2 b6 38.Rd2 Bc7 39.Rd5 Bb8 40.Bf1 Re7 41.Bd3 Qc8 42.Bb1 Qc6 43.Bc2 Bc7
44.Ra1 Qd7 45.Re1 Re6 46.Red1 Qc6 47.Rf1 Bd8 48.Kg2 Qd7 49.Rd2 Re8 50.Bb3 Ne6
51.Qe2 Nc5 52.Bc4 Qe7 53.Bb5 Rf8 54.Rfd1 Bc7 55.Qg4 Bb8 56.h5 Qg5 57.Qxg5 hxg5
58.f3  1/2-1/2

[Event "20th Open"]
[Site "Panevezys LTU"]
[Date "2007.08.21"]
[Round "5"]
[White "Kalvyte,V"]
[Black "Zickus,S"]
[Result "0-1"]
[WhiteElo "2014"]
[BlackElo "2223"]

1.e4 c5 2.Nf3 Nc6 3.Nc3 e5 4.Bc4 d6 5.h3 h6 6.d3 g6 7.a4 Bg7 8.Be3 Nge7 9.O-O O-O
10.Nh2 Kh7 11.f4 f5 12.fxe5 Nxe5 13.Ba2 N7c6 14.Nd5 Be6 15.c3 Ne7 16.Nf4 Bxa2
17.Rxa2 Qd7 18.b3 N5c6 19.exf5 Nxf5 20.Qg4 Ne5 21.Qe2 Rae8 22.Bf2 Qf7 23.Qd1 Nc6
24.c4 Nb4 25.Re2 Be5 26.Rxe5 dxe5 27.Bxc5 exf4 28.Rxf4 Qc7 29.Bxf8 Qxf4 30.Bxb4 Qe3+  0-1

[Event "TCh-ESP CECLUB Sur Div 1"]
[Site "Burguillos ESP"]
[Date "2007.08.22"]
[Round "1"]
[White "Fernandez Romero,Ern"]
[Black "Mezcua Coronil,F"]
[Result "1-0"]
[WhiteElo "2450"]
[BlackElo "2228"]

1.e4 c5 2.Nc3 Nc6 3.Nge2 g6 4.d4 cxd4 5.Nxd4 Bg7 6.Be3 Nf6 7.Bc4 O-O 8.Bb3 Ng4
9.Qxg4 Nxd4 10.Qd1 Nxb3 11.axb3 a6 12.h4 h5 13.f3 Qc7 14.Nd5 Qg3+ 15.Kf1 Qd6
16.b4 f5 17.Bc5 Qe5 18.Nxe7+ Kh7 19.exf5 gxf5 20.Nd5 d6 21.f4 Qe4 22.Bf2 Be6
23.Qxh5+ Bh6 24.Nc3 Qxc2 25.Rh3 Rae8 26.Kg1 Bf7 27.Qf3 Rg8 28.Qxb7 Rg7 29.Qf3 Reg8
30.Rg3 Rxg3 31.Bxg3 Qxb2 32.Rb1 Qc2 33.Re1 Bg7 34.Nd5 Bd4+ 35.Kh2 Bxd5 36.Qxd5 Rxg3
37.Qf7+  1-0

[Event "Dato Arthur Tan Malaysian Op"]
[Site "Kuala Lumpur MAS"]
[Date "2007.08.22"]
[Round "5"]
[White "Lane,G"]
[Black "Zhou Weiqi"]
[Result "0-1"]
[WhiteElo "2412"]
[BlackElo "2469"]

1.e4 c5 2.Nf3 Nc6 3.Nc3 d6 4.d4 cxd4 5.Nxd4 e6 6.f4 Nf6 7.Be2 Be7 8.Be3 O-O
9.O-O e5 10.Nb3 exf4 11.Bxf4 Be6 12.Bd3 d5 13.e5 Ng4 14.Qe2 d4 15.Nd1 Bg5
16.Qe4 g6 17.Bxg5 Qxg5 18.Nxd4 Nxd4 19.Qxd4 Rad8 20.Qf4 Qxe5 21.Be4 Qc5+
22.Kh1 Bc4 23.Bd3 Rd4 24.Qg3 Bxd3 25.cxd3 Qe5 26.Rf3 Re8 27.Nc3 Qxg3 28.Rxg3 Re3
29.Rxe3 Nxe3 30.h3 Rxd3 31.Re1 Kg7 32.Re2 h5 33.Kg1 h4 34.Ne4 Nd5 35.Kf2 Rd1
36.a3 b6 37.Rc2 Rd4 38.Ng5 Rf4+ 39.Nf3 g5 40.g3 Rf6 41.Rd2 Ne7 42.gxh4 gxh4
43.Rd4 Rc6 44.Rd7 Rc2+ 45.Ke3 Ng6 46.Rxa7 Rxb2 47.Ke4 Rc2 48.Ng5 Rc4+ 49.Ke3 Ne5
50.Rb7 Ra4 51.Ne4 Rxa3+ 52.Kf4 Nd3+ 53.Kg4 Ra4 54.Kf5 Rxe4  0-1

[Event "X Open"]
[Site "Banyoles ESP"]
[Date "2007.08.23"]
[Round "8"]
[White "Przybylski,W"]
[Black "Lapshun,Y"]
[Result "0-1"]
[WhiteElo "2373"]
[BlackElo "2479"]

1.e4 c5 2.Nf3 Nc6 3.Nc3 g6 4.d4 cxd4 5.Nxd4 Bg7 6.Be3 Nf6 7.Be2 O-O 8.O-O d6
9.Kh1 Bd7 10.f4 Nxd4 11.Bxd4 Bc6 12.Bf3 Nd7 13.Bxg7 Kxg7 14.Qd4+ Kg8 15.Nd5 e5
16.Qb4 Bxd5 17.exd5 Qc7 18.c4 exf4 19.Be2 Rae8 20.Qd2 Nc5 21.Rxf4 Ne4 22.Qc2 f5
23.Raf1 Nf6 24.Qd2 Qg7 25.Bd3 Ng4 26.R4f3 Qd4 27.Qf4 Qxf4 28.Rxf4 Re3 29.Rd4 Rfe8
30.Kg1 Ne5 31.Rd1 f4 32.Bf1 g5 33.Rc1 b6 34.b4 Rc8 35.Rd2 Nd7 36.Be2 Rc7
37.Kf2 Nf6 38.Rd4 a5 39.c5 bxc5 40.bxc5 Rxc5 41.Rxc5 dxc5 42.Rd3 Rxd3 43.Bxd3 Kf7
44.h4 h6 45.hxg5 hxg5 46.Kf3 Ke7 47.Bc4 Kd6 48.g3 fxg3 49.Kxg3 Nxd5 50.Bb3 Ke5
51.Kg4 c4 52.Ba4 Nc3 53.Bc2 Nxa2  0-1

[Event "27th Open"]
[Site "Bratto ITA"]
[Date "2007.08.23"]
[Round "1"]
[White "Brunello,S"]
[Black "Fontana,E"]
[Result "1-0"]
[WhiteElo "2475"]
[BlackElo "2128"]

1.e4 c5 2.Nf3 Nc6 3.Nc3 g6 4.d4 cxd4 5.Nxd4 Bg7 6.Be3 Nf6 7.Bc4 a6 8.Nxc6 dxc6
9.Qxd8+ Kxd8 10.O-O-O+ Ke8 11.e5 Nd7 12.f4 b5 13.Be2 Rb8 14.Bf3 Bb7 15.Ne4 f5
16.e6 Ne5 17.Nc5 Nxf3 18.gxf3 Ba8 19.Rd7 Bf6 20.Ra7 Kf8 21.Nd7+ Kg7 22.Nxb8 Rxb8
23.Bc5 Kf8 24.Rd1  1-0

[Event "TCh-ESP CECLUB Sur Div 1"]
[Site "Burguillos ESP"]
[Date "2007.08.23"]
[Round "2"]
[White "Fernandez Gil,M"]
[Black "Baches Garcia,G"]
[Result "1/2-1/2"]
[WhiteElo "2270"]
[BlackElo "2373"]

1.e4 c5 2.Nc3 Nc6 3.Nf3 d6 4.d4 cxd4 5.Nxd4 e5 6.Nf5 Bxf5 7.exf5 Qd7 8.Bd3 d5
9.O-O O-O-O 10.Bg5 f6 11.Bh4 g5 12.fxg6 hxg6 13.Bg3 f5 14.h3 f4 15.Bh2 e4
16.Nxe4 dxe4 17.Bxe4 g5 18.Qxd7+ Kxd7 19.h4 Rxh4 20.g3 Rh8 21.gxf4 Bd6 22.Rad1 Kc7
23.Rxd6 Kxd6 24.fxg5+ Kc5 25.Bf4 Nge7 26.Be3+ Kc4 27.f4 Rh3 28.Kf2 Rdh8 29.Rd1 Rh2+
30.Kg1 Nf5 31.Bf2 Rxf2 32.Kxf2 Rh4 33.Bxf5 Rxf4+ 34.Ke3 Rxf5 35.Rg1 Re5+
36.Kf4 Re2 37.g6 Ne7 38.g7 Kd5 39.g8=Q+ Nxg8 40.Rxg8 Rxc2 41.Rd8+ Kc4 42.b3+ Kb5
43.a4+ Kb6 44.Rd3 Rc7 45.Ke3 Ka5 46.Rd5+ Kb4 47.Rb5+ Kc3 48.Ke4 Rd7 49.Ke5 b6
50.Ke6 Rd4 51.a5 Rb4 52.Rh5 bxa5 53.Rxa5 Rb7 54.Kd6 Kxb3 55.Kc6 Rh7 56.Ra1 Kb2
57.Ra5 Kc2 58.Ra3 Kb2 59.Ra5 Kc3 60.Ra1 Kb2 61.Ra5  1/2-1/2

[Event "15th Open"]
[Site "Nikea GRE"]
[Date "2007.08.23"]
[Round "1"]
[White "Blatsi,Z"]
[Black "Soultatis,K"]
[Result "0-1"]
[WhiteElo "1849"]
[BlackElo "2140"]

1.e4 c5 2.Nf3 Nc6 3.Nc3 e5 4.Bc4 Be7 5.d3 Nf6 6.Bg5 O-O 7.Bxf6 Bxf6 8.Nd5 d6
9.c3 Rb8 10.a4 Be6 11.Ne3 Ne7 12.Qb3 Qd7 13.a5 Kh8 14.h4 b5 15.axb6 Rxb6
16.Bxe6 fxe6 17.Qa3 d5 18.O-O Nc6 19.Qxc5 Be7 20.Nxe5 Nxe5 21.Qa5 Nc6 22.Qa2 d4
23.Nc4 Rb5 24.Na3 Rh5 25.Nc2 dxc3 26.bxc3 Rxh4 27.Rad1 Qd6 28.g3 Rh5 29.Kg2 Ra5
30.Qb1 Bg5 31.f4 Bxf4 32.gxf4 Rxf4 33.Rf3 Rg5+ 34.Kf2 Rxf3+ 35.Kxf3 Qf8+
36.Ke3 Rg3+ 37.Kd2 Qf4+ 38.Ne3 Rg2+  0-1

[Event "Open A"]
[Site "Polanica Zdroj POL"]
[Date "2007.08.23"]
[Round "7"]
[White "Bulski,K"]
[Black "Sopur,L"]
[Result "1-0"]
[WhiteElo "2396"]
[BlackElo "2389"]

1.e4 c5 2.Nc3 Nc6 3.Nge2 e5 4.Nd5 Nf6 5.Nec3 d6 6.Bc4 Be6 7.d3 Be7 8.O-O O-O
9.f4 exf4 10.Bxf4 Bxd5 11.Nxd5 Nxd5 12.Bxd5 Bf6 13.c3 Ne7 14.Bb3 b5 15.Be3 Ng6
16.Qh5 Qc7 17.Bd5 Rae8 18.Rxf6 gxf6 19.Bh6 Re5 20.Qf3 Qe7 21.d4 Rg5 22.Bxf8 Kxf8
23.Qf2 h5 24.Rf1 Kg7 25.Kh1 Rg4 26.Qf5 Rg5 27.Qh3 Nf4 28.Rxf4 Rxd5 29.Qf3 Rg5
30.h4 Rg6 31.Qxh5 cxd4 32.cxd4 Qc7 33.Qd1 d5 34.Qd2 dxe4 35.Rxe4 Qg3 36.Kg1 Qf3
37.Rf4 Qd5 38.b3 a5 39.Qf2 Qc6 40.Kh2 a4 41.Qf3 Qd6 42.bxa4 bxa4 43.g3 a3
44.d5 Qc5 45.Qd3 Qd6 46.Kh3 Qe7 47.d6 Qd7+ 48.Rf5 Rh6 49.g4 Rh8 50.Qd4 Qe6
51.Rg5+ Kf8 52.d7 Ke7 53.Rd5  1-0

[Event "16th VR Bank Open"]
[Site "Apolda GER"]
[Date "2007.08.24"]
[Round "3"]
[White "Kritz,L"]
[Black "Kaphle,St"]
[Result "1-0"]
[WhiteElo "2571"]
[BlackElo "2156"]

1.e4 c5 2.Nc3 Nc6 3.Nf3 e5 4.Bc4 d6 5.d3 Bg4 6.h3 Bh5 7.Nxe5 Nxe5 8.Bb5+ Nc6
9.Qxh5 Nf6 10.Qd1 Be7 11.a3 O-O 12.Bc4 g6 13.O-O Nh5 14.Nd5 Bh4 15.Bh6 Re8
16.Ba2 Re5 17.Qd2 Bg5 18.Bxg5 Rxg5 19.g4 Nd4 20.f4 Rxd5 21.Bxd5 Ng3 22.Rf2 Qh4
23.Kg2 h5 24.Qe3  1-0

[Event "TCh-ESP CECLUB Sur Div 1"]
[Site "Burguillos ESP"]
[Date "2007.08.24"]
[Round "4"]
[White "Galego,L"]
[Black "Avrukh,B"]
[Result "1/2-1/2"]
[WhiteElo "2524"]
[BlackElo "2645"]

1.e4 c5 2.Nf3 Nc6 3.Nc3 d6 4.Bb5 e5 5.d3 Nf6 6.O-O Be7 7.Nd5 O-O 8.Nxe7+ Nxe7
9.Bg5 Ng6 10.Nh4 Nf4 11.Bc4 h6 12.Bxf4 exf4 13.g3 Bg4 14.Qd2 Bh3 15.Rfe1 fxg3
16.hxg3 Be6 17.e5 Ng4 18.exd6 Qxd6 19.Qe2 Bd7 20.Qf3 h5 21.Nf5 Bxf5 22.Qxf5 g6
23.Qf3 Rab8 24.a4 Ne5 25.Qd5 Nxc4 26.Qxc4  1/2-1/2

[Event "TCh-ESP CECLUB Sur Div 1"]
[Site "Burguillos ESP"]
[Date "2007.08.25"]
[Round "5"]
[White "Fernandez Romero,Ern"]
[Black "Garcia Moral Garcia,J"]
[Result "1-0"]
[WhiteElo "2450"]
[BlackElo "2250"]

1.e4 c5 2.Nc3 Nc6 3.Nge2 d6 4.d4 cxd4 5.Nxd4 Nf6 6.Bg5 e6 7.Qd2 Be7 8.O-O-O a6
9.f3 O-O 10.h4 Nxd4 11.Qxd4 b5 12.Kb1 Bb7 13.Qd2 Rc8 14.Bd3 Nd7 15.Rhe1 Ne5
16.Be3 Nxd3 17.Qxd3 Qc7 18.Bg5 Rfd8 19.Bxe7 Qxe7 20.h5 Qg5 21.g4 h6 22.a3 Bc6
23.Ne2 d5 24.e5 Qxe5 25.f4 Qe4 26.Qd2 Qh7 27.Nd4 Bd7 28.Qe2 Re8 29.Qe5 Red8
30.Rd2 a5 31.g5 hxg5 32.fxg5 g6 33.hxg6 Qxg6 34.Rh2 f6 35.gxf6  1-0

[Event "zt 3.2"]
[Site "Dhaka BAN"]
[Date "2007.08.25"]
[Round "4"]
[White "Shrestha,K"]
[Black "Hossain,Enam"]
[Result "1/2-1/2"]
[WhiteElo "2157"]
[BlackElo "2485"]

1.e4 c5 2.Nf3 Nc6 3.Nc3 g6 4.d4 cxd4 5.Nxd4 Bg7 6.Be3 Nf6 7.Be2 d6 8.O-O O-O
9.h3 Bd7 10.Qd2 a6 11.Rad1 b5 12.Nxc6 Bxc6 13.Bf3 Qc7 14.Nd5 Bxd5 15.exd5 Rfe8
16.Bd4 Nd7 17.c3 Bxd4 18.cxd4 Nb6 19.Rfe1 Rac8 20.Qh6 Qc2 21.Rd2 Qc4 22.h4 e5
23.dxe6 Rxe6 24.Rxe6 Qxe6 25.b3 Qe1+ 26.Kh2 Qc1 27.Qe3 h5 28.Re2 Qxe3 29.fxe3 a5
30.Kg3 b4 31.Kf4 Kf8 32.e4 Nd7 33.g4 hxg4 34.Bxg4 Ke7 35.Rh2 Rc3 36.Bxd7 Kxd7
37.h5 gxh5 38.Rxh5 a4 39.bxa4 Ra3 40.Rb5 Rxa4 41.d5 Ke7 42.Kf5 Rxa2 43.Rb7+ Kf8
44.Rxb4 Rf2+ 45.Kg5 Kg7 46.Rb6 Rg2+ 47.Kf5 Rf2+ 48.Kg5 Rg2+ 49.Kf4 Rg6 50.Rb7 Rf6+
51.Kg5 Rg6+ 52.Kf5 Rh6 53.Rb6 Rf6+ 54.Kg5 Rg6+ 55.Kf4 Rh6 56.Rc6 Kf8 57.Kg5 Rg6+
58.Kf5 Ke8 59.Ra6 Rh6 60.Rb6 Rg6 61.Rb8+ Ke7 62.Rb7+ Ke8 63.e5 dxe5 64.Kxe5 Ra6
65.Rc7 Rh6 66.Ra7 Rg6 67.Kd4 Rf6 68.Kc5 Kd8 69.Rb7 Kc8 70.Ra7 Kd8 71.Rb7 Kc8
72.Re7 Kd8 73.Ra7 Rh6 74.Rxf7 Rg6 75.Rh7 Rf6 76.Rh8+ Kd7 77.Ra8 Rh6 78.Rb8 Kc7
79.Re8 Rc6+ 80.Kd4 Rc1 81.Re7+ Kd6 82.Re6+ Kd7 83.Re5 Kd6 84.Re6+  1/2-1/2

[Event "Dato Arthur Tan Malaysian Op"]
[Site "Kuala Lumpur MAS"]
[Date "2007.08.26"]
[Round "11"]
[White "Lane,G"]
[Black "Simanjuntak,S"]
[Result "1/2-1/2"]
[WhiteElo "2412"]
[BlackElo "2271"]

1.e4 c5 2.Nc3 Nc6 3.Bb5 e6 4.Bxc6 dxc6 5.f4 g6 6.d3 Bg7 7.Nf3 Ne7 8.O-O b6
9.Qe1 Bb7 10.Be3 Qc7 11.Qf2 O-O-O 12.a4 a5 13.d4 cxd4 14.Nxd4 Ba6 15.Rfd1 Kb7
16.Ndb5 Bxb5 17.axb5 Bxc3 18.bxc6+ Qxc6 19.bxc3 Rxd1+ 20.Rxd1 Nc8 21.Qd2 Re8
22.c4 Ka6 23.Qd3 Re7 24.c5+ b5 25.Ra1 Qc7 26.Bd2 Qxc5+ 27.Kh1 Qc4 28.Qd8 a4
29.Qa5+ Kb7 30.Rb1 Kb8 31.Bc3 Ra7 32.Be5+ Ka8 33.Qxb5 Qxb5 34.Rxb5 Rb7 35.Ra5+ Ra7
36.Rb5 Rb7 37.Ra5+ Ra7 38.Rb5 Rb7 39.Ra5+  1/2-1/2

[Event "VIII Open"]
[Site "Tarragona ESP"]
[Date "2007.08.26"]
[Round "9"]
[White "Sandu,Mi"]
[Black "Fernandez Alonso,M"]
[Result "1/2-1/2"]
[WhiteElo "2271"]
[BlackElo "2167"]

1.e4 c5 2.Nf3 Nc6 3.Nc3 e5 4.Bc4 Be7 5.d3 Nf6 6.h3 O-O 7.g4 d6 8.g5 Ne8 9.Nd5 a6
10.a4 Rb8 11.a5 Nc7 12.Bd2 Nxd5 13.Bxd5 Be6 14.Bxe6  1/2-1/2

[Event "15th Open"]
[Site "Nikea GRE"]
[Date "2007.08.29"]
[Round "8"]
[White "Petraki,M"]
[Black "Nikolaidis,K"]
[Result "1/2-1/2"]
[WhiteElo "2069"]
[BlackElo "2316"]

1.e4 c5 2.Nc3 Nc6 3.Bb5 Nd4 4.Bc4 e6 5.Nge2 Nf6 6.d3 a6 7.O-O b5 8.Bb3 Nxb3
9.axb3 Bb7 10.Ng3 d5 11.exd5 Nxd5 12.Nce4 Nf6 13.Qe2 Be7 14.Bd2 O-O 15.Rae1 Rc8
16.c4 b4 17.Bc1 Qd7 18.Rd1 Rfd8 19.f4 g6 20.Rfe1 Qc6 21.Ng5 Bf8 22.Nf3 Rd6
23.Ne5 Qc7 24.Be3 Nd7 25.Nf3 Nf6 26.Ne5 Nd7 27.Nf3 Nf6  1/2-1/2

[Event "XIX Open"]
[Site "Porto San Giorgio ITA"]
[Date "2007.08.29"]
[Round "9"]
[White "Rendle,T"]
[Black "Tomba,I"]
[Result "1-0"]
[WhiteElo "2416"]
[BlackElo "2244"]

1.e4 c5 2.Nc3 Nc6 3.Bb5 Nd4 4.Bc4 e6 5.Nge2 Nf6 6.O-O a6 7.d3 b5 8.Bb3 Nxb3
9.axb3 Bb7 10.f4 Be7 11.Kh1 Qc7 12.Ng1 h5 13.Qe2 d5 14.exd5 exd5 15.Qe5 Qd7
16.f5 Ng4 17.Qg3 O-O-O 18.Bf4 g5 19.fxg6 fxg6 20.Nf3 h4 21.Qh3 Rhf8 22.Bd2 Rf7
23.Rae1 Rdf8 24.d4 cxd4 25.Ne2 Bc5 26.Nc1 Rxf3 27.Rxf3 Nf2+ 28.Rxf2 Rxf2
29.Qxd7+ Kxd7 30.Rd1 Bd6 31.Kg1 Rf8 32.Nd3 Kc6 33.Be1 g5 34.Bf2 Bc8 35.Bxd4 Bf5
36.Ra1 Kb7 37.Bc5 Bxc5+ 38.Nxc5+ Kb6 39.b4 Bxc2 40.Nd7+  1-0

[Event "1st Serbian League Men"]
[Site "Zlatibor SRB"]
[Date "2007.08.31"]
[Round "10"]
[White "Popovic,Pe"]
[Black "Bogosavljevic,B"]
[Result "1-0"]
[WhiteElo "2474"]
[BlackElo "2491"]

1.e4 c5 2.Nf3 Nc6 3.Nc3 Nf6 4.Bb5 Nd4 5.Bd3 d5 6.Nxd4 cxd4 7.Nxd5 Nxd5 8.exd5 Qxd5
9.O-O Bd7 10.Re1 Bc6 11.Be4 Qd7 12.c4 d3 13.b3 e6 14.Bb2 Bc5 15.Qh5 Be7 16.Bxc6 Qxc6
17.Re3 Bf6 18.Bxf6 gxf6 19.Rxd3 Ke7 20.Re1 Rad8 21.Rd5 Rhg8 22.g3 Rg6 23.Rxd8 Kxd8
24.Qxh7 Ke7 25.d4 Qd6 26.d5 e5 27.Qh8 Qc7 28.Rd1  1-0

[Event "1st Serbian League Women"]
[Site "Zlatibor SRB"]
[Date "2007.08.31"]
[Round "11"]
[White "Muzychuk,M"]
[Black "Chelushkina,I"]
[Result "1/2-1/2"]
[WhiteElo "2330"]
[BlackElo "2340"]

1.e4 c5 2.Nc3 Nc6 3.Bb5 g6 4.Bxc6 dxc6 5.f4 Bg7 6.Nf3 Nf6 7.d3 b6 8.O-O a5
9.h3 a4 10.a3 Qc7 11.Qe1 Nd7 12.e5 Nf8 13.Ne4 Be6 14.d4 cxd4 15.Nxd4 Qd7
16.Nxe6 Nxe6 17.Be3 c5 18.Qf2 Qb7 19.Qf3 Nd8 20.Rad1 Rb8 21.Rd2 O-O 22.Rfd1 Nc6
23.Nc3 Na5 24.Qe2 Qc6 25.Rd7 Rfe8 26.Nd5 Kf8 27.Nc7 Rb7 28.Nxe8 Rxd7 29.Nxg7 Rxd1+
30.Qxd1 Qe4 31.Bxc5 bxc5 32.Ne6+ fxe6 33.Qd8+ Kf7 34.Qxa5 Qe3+ 35.Kh1 Qc1+
36.Kh2 Qxf4+ 37.Kh1 Qc1+ 38.Kh2 Qxc2 39.Qc3 Qf2 40.Qc4  1/2-1/2

[Event "1st Serbian League Women"]
[Site "Zlatibor SRB"]
[Date "2007.08.31"]
[Round "11"]
[White "Gaponenko,I"]
[Black "Manakova,M"]
[Result "1/2-1/2"]
[WhiteElo "2458"]
[BlackElo "2321"]

1.e4 c5 2.Nf3 Nc6 3.Nc3 e5 4.Bc4 Be7 5.d3 d6 6.O-O Nf6 7.Ng5 O-O 8.f4 exf4
9.Bxf4 Na5 10.Qd2 Nxc4 11.dxc4 h6 12.Nf3 Be6 13.b3 Nh5 14.Be3 Bf6 15.Rad1 Qa5
16.Nb5 Qxd2 17.Rxd2 Be7 18.Nxd6 b6 19.e5 f6 20.Nb5 Rfc8 21.Nc3 fxe5 22.Nd5 Bf6
23.Nxf6+ gxf6 24.Rd6 Re8 25.Bxh6 Kh7 26.Bc1 Rad8 27.Rxd8 Rxd8 28.Nh4 Rd4
29.Nf5 Re4 30.Nd6 Re2 31.Rf2 Re1+ 32.Rf1 Re2  1/2-1/2

[Event "LNA Copa Puma"]
[Site "Argentina ARG"]
[Date "2007.09.01"]
[Round "4"]
[White "Converset,J"]
[Black "Albarran,G"]
[Result "1-0"]
[WhiteElo "2243"]
[BlackElo "2221"]

1.e4 c5 2.Nf3 Nc6 3.Nc3 g6 4.d4 cxd4 5.Nxd4 Bg7 6.Be3 Nf6 7.Be2 O-O 8.Nb3 a5
9.a4 Nb4 10.f4 d5 11.e5 Ne4 12.Nb5 f6 13.c3 fxe5 14.cxb4 exf4 15.Bd4 e5 16.Bc5 Qh4+
17.g3 fxg3 18.Qxd5+ Kh8 19.O-O-O Bf5 20.Bxf8 Rxf8 21.Bd3 Rd8 22.Qxb7 g2 23.Rhg1 Nf2
24.Bxf5 Qf4+ 25.Rd2 Bh6 26.Nd6 Rxd6 27.Qb8+ Kg7 28.Qxd6 Qc4+ 29.Kb1 Qf1+
30.Rd1 Nxd1 31.Qxe5+ Kf8 32.Qf6+  1-0

[Event "26th OCF NAO Fide Open"]
[Site "Stillwater USA"]
[Date "2007.09.01"]
[Round "3"]
[White "Ortiz,Na"]
[Black "Galant,S"]
[Result "1/2-1/2"]
[WhiteElo "2281"]
[BlackElo "2221"]

1.e4 c5 2.Nc3 Nc6 3.Bb5 Nd4 4.Bc4 e6 5.Nge2 a6 6.a4 Qc7 7.d3 Nf6 8.Nxd4 cxd4
9.Ne2 Bb4+ 10.c3 dxc3 11.bxc3 Ba5 12.O-O O-O 13.Bb3 d5 14.Bg5 dxe4 15.Bxf6 exd3
16.Qxd3 gxf6 17.Bc2 f5 18.f4 Bd7 19.Rf3 Bc6 20.Rh3 Rad8 21.Qg3+ Kh8  1/2-1/2

[Event "26th OCF NAO Fide Open"]
[Site "Stillwater USA"]
[Date "2007.09.01"]
[Round "5"]
[White "Ortiz,Na"]
[Black "Langer,M USA"]
[Result "1/2-1/2"]
[WhiteElo "2281"]
[BlackElo "2331"]

1.e4 c5 2.Nc3 Nc6 3.Bb5 Nd4 4.Bc4 d6 5.Nge2 Nf6 6.d3 a6 7.Nxd4 cxd4 8.Ne2 b5
9.Bb3 Qb6 10.O-O g6 11.Bg5 Bg7 12.Qc1 O-O 13.Bh6 a5 14.a4 b4 15.Qg5 Qc5 16.Qh4 Ra7
17.Kh1 Rc7 18.h3 Bxh6 19.Qxh6 Nh5 20.f4 Be6 21.Rac1 Rcc8  1/2-1/2

[Event "Masters"]
[Site "Trieste ITA"]
[Date "2007.09.01"]
[Round "1"]
[White "Tiviakov,S"]
[Black "Hilmer,F"]
[Result "1-0"]
[WhiteElo "2648"]
[BlackElo "2221"]

1.e4 c5 2.Nc3 Nc6 3.Bb5 Nd4 4.Nf3 Nxb5 5.Nxb5 d6 6.d4 a6 7.Nc3 cxd4 8.Qxd4 e5
9.Qd3 Be7 10.Nd5 Nf6 11.Nxe7 Qxe7 12.Bg5 Bg4 13.Nd2 h6 14.Bxf6 Qxf6 15.Nc4 Rd8
16.f3 b5 17.Ne3 Be6 18.a4 O-O 19.axb5 axb5 20.b3 d5 21.O-O dxe4 22.Qxe4 Rd4
23.Qc6 b4 24.Rae1 Rc8 25.Qb5 Qg5 26.Rf2 e4 27.Qb6 Qc5 28.Qxc5 Rxc5 29.f4 f5
30.Ra1 Rc3 31.Rd1 Rxd1+ 32.Nxd1 Rc7 33.Rd2 Kf7 34.Kf2 Ke7 35.Ne3 Rd7 36.Re2 Kd6
37.Re1 Kc5 38.Ra1 Kb5 39.Ke2 Kb6 40.Ra8 g6 41.Rf8 Kc5 42.Re8 Kd6 43.Ra8 Kc5
44.Nd1 g5 45.g3 Bf7 46.Ne3 gxf4 47.gxf4 Bh5+ 48.Ke1 Bg4 49.Ra5+ Kd4 50.Kd2 h5
51.Rb5 h4 52.Rxb4+ Kc5+ 53.Kc3 h3 54.Rc4+ Kb6 55.Rd4 Rg7 56.Rd6+ Kb7 57.Rd5 Kc6
58.Kd4 Bf3 59.Rxf5  1-0

[Event "1st Serbian League Men"]
[Site "Zlatibor SRB"]
[Date "2007.09.01"]
[Round "11"]
[White "Dujkovic,S"]
[Black "Perunovic,Mil"]
[Result "1-0"]
[WhiteElo "2407"]
[BlackElo "2589"]

1.e4 c5 2.Nc3 Nc6 3.Bb5 Nd4 4.Bc4 e6 5.Nge2 Ne7 6.Nxd4 cxd4 7.Ne2 Nc6 8.d3 a6
9.a3 Be7 10.O-O b5 11.Ba2 Bb7 12.f4 Qc7 13.f5 Bd6 14.Bf4 Bxf4 15.Rxf4 g6
16.fxe6 dxe6 17.Qd2 Qe5 18.Raf1 O-O 19.R4f3 Rad8 20.Nf4 Bc8 21.Qf2 f6 22.Qg3 Rde8
23.Qg4 Rf7 24.Nxg6 hxg6 25.Qxg6+ Kf8 26.Rf5 Qc7 27.Rxf6 Ne5 28.Qh7 Qd7 29.h4 Rxf6
30.Rxf6+ Nf7 31.h5 Rd8 32.h6 Qe8 33.Qg6  1-0